00476nam a2200169Ia 4500001001000000003000500010008004100015010001100056040000900067082001900076100003200095245008900127260002200216300000900238500004600247650001300293Para_3673CHAP220125s1946 xx 000 0 und d a202273 cCHAP aPA-C 633.1 S88 aCarreto de la Mora, Vicente aMancha líneal amarilla del trigo (Black chaff) /c por Vicente Carreto de la Mora aMéxico :b DGA a5 h. aEncuadernado con otros impresos similares aCereales